[Event "East Detroit (MCO/1/6)"]
[Site "?"]
[Date "1984.??.??"]
[Round "?"]
[White "Watson, Terry"]
[Black "Noren, Kevin"]
[Result "0-1"]
[WhiteElo "1660"]
[BlackElo "2225"]
[PlyCount "78"]
[EventDate "1984.??.??"]

{1/(6)} 1. e4 Nc6 2. Nf3 e5 3. d3 Nf6 4. g3 Bc5 5. Bg2 d6 6. Nbd2 Bg4 7. h3 Bh5
8. c3 a5 9. O-O Qd7 10. Re1 h6 11. Qa4 O-O 12. Nh4 Bg6 13. Nxg6 fxg6 14. Nf3
Nh5 15. Qc4+ Kh7 16. Be3 Bxe3 17. Rxe3 Rf7 18. Rd1 Raf8 19. Rd2 g5 20. d4 Qe7
21. dxe5 dxe5 22. Red3 Nf6 23. a3 Ne8 24. Rd5 Nd6 25. Qd3 Qe6 26. b4 b5 27.
Rxd6 cxd6 28. Qxb5 Ne7 29. Qxa5 Rxf3 30. Bxf3 Rxf3 31. Kg2 Rxc3 32. b5 Qc4 33.
f3 Rc1 34. Rf2 d5 35. b6 dxe4 36. Qxe5 exf3+ 37. Rxf3 Qc2+ 38. Rf2 Qc6+ 39. Kh2
Rh1# 0-1

[Event "East Detroit (MCO/3/37)"]
[Site "?"]
[Date "1984.??.??"]
[Round "?"]
[White "Watson, Terry"]
[Black "Griffin, John"]
[Result "0-1"]
[WhiteElo "1660"]
[BlackElo "1605"]
[PlyCount "160"]
[EventDate "1984.??.??"]

{3/(37)} 1. e4 c5 2. Nf3 Nc6 3. d3 d6 4. g3 e6 5. Bg2 Nge7 6. O-O Ng6 7. d4
cxd4 8. Nxd4 Nxd4 9. Qxd4 Bd7 10. b3 e5 11. Qd3 Qc7 12. Ba3 Rd8 13. Nc3 a6 14.
Rfd1 Be6 15. Rd2 Be7 16. Rad1 O-O 17. Nd5 Bxd5 18. Qxd5 Rfe8 19. c4 Qc6 20. h4
Bf8 21. Qd3 Ne7 22. Qe2 Qb6 23. Bxd6 Nc6 24. Bxf8 Kxf8 25. Rd5 Nd4 26. Qh5 h6
27. Kh2 Nc6 28. Rd7 Rxd7 29. Rxd7 Re7 30. Rxe7 Kxe7 31. Qe2 f6 32. f4 Qd4 33.
Bh3 b6 34. Bc8 a5 35. Bh3 Qd6 36. fxe5 Qxe5 37. Qd3 Qd4 38. Qxd4 Nxd4 39. Kg1
Ne2+ 40. Kf2 Nc1 41. Bg4 Nxa2 42. Ke1 Kd6 43. Kd2 Ke5 44. Bf3 Nb4 45. Kc3 Kd6
46. Be2 Nc6 47. Kd3 Kc5 48. Kc3 Nd4 49. Bd1 b5 50. cxb5 Nxb5+ 51. Kd3 Nd4 52.
Ke3 f5 53. e5 Kd5 54. Kf4 Ke6 55. h5 Nc6 56. Bc2 Ne7 57. Bd3 Nd5+ 58. Kf3 Kxe5
59. Bc4 Ne7 60. Bf7 Kf6 61. Be8 Kg5 62. Bf7 Nc6 63. Ke3 Kg4 64. Be8 Ne7 65. Kf2
Nd5 66. Bf7 Nf6 67. Ke3 Kxg3 68. Kd4 Kf3 69. Kc4 Ne4 70. Kb5 Nd6+ 71. Kxa5 Nxf7
72. b4 Ke4 73. b5 Kd5 74. b6 Nd6 75. Kb4 Kc6 76. Kc3 Kxb6 77. Kd4 Kc7 78. Kd5
Kd7 79. Ke5 Ke7 80. Kf4 Kf6 0-1

[Event "Plymouth (MI Op/5/38)"]
[Site "?"]
[Date "1984.??.??"]
[Round "?"]
[White "Ward, Tim"]
[Black "Robes, S.."]
[Result "1-0"]
[WhiteElo "1890"]
[BlackElo "1670"]
[PlyCount "39"]
[EventDate "1984.??.??"]

{5/(38)} 1. d4 d5 2. c4 e6 3. Nc3 Nf6 4. cxd5 exd5 5. Bg5 Be7 6. Qc2 Be6 7. e3
c6 8. Bd3 h6 9. Bf4 Nbd7 10. Nf3 Nh5 11. O-O Nxf4 12. exf4 Qc7 13. f5 O-O-O 14.
fxe6 fxe6 15. Rfe1 Qd6 16. Nb5 Qb8 17. Rxe6 Rhe8 18. Rxc6+ bxc6 19. Qxc6+ Qc7
20. Qxc7# 1-0

[Event "Plymouth (MI Op/3/41)"]
[Site "?"]
[Date "1984.??.??"]
[Round "?"]
[White "Ward, Tim"]
[Black "Rencsok, R.."]
[Result "1-0"]
[WhiteElo "1890"]
[BlackElo "1605"]
[PlyCount "31"]
[EventDate "1984.??.??"]

{3/(41)} 1. d4 e6 2. c4 f5 3. Nc3 Nf6 4. Qc2 d5 5. e3 c6 6. Bd3 Bd6 7. Nf3 Nbd7
8. cxd5 cxd5 9. O-O Ne4 10. Bxe4 fxe4 11. Ne1 Qh4 12. g3 Qh3 13. Nb5 Bb8 14.
Qxc8+ Ke7 15. Qxh8 Kf6 16. Qd8+ 1-0

[Event "Plymouth (MI Op/1a/8)"]
[Site "?"]
[Date "1984.??.??"]
[Round "?"]
[White "Ward, Tim"]
[Black "Brooks, John"]
[Result "0-1"]
[WhiteElo "1890"]
[BlackElo "2125"]
[PlyCount "68"]
[EventDate "1984.??.??"]

1. d4 Nf6 2. c4 e6 3. Nc3 Bb4 4. e3 b6 5. Nge2 O-O 6. a3 Be7 7. Ng3 d5 8. cxd5
exd5 9. Be2 Re8 10. O-O Bb7 11. Bf3 Bd6 12. Nf5 Bf8 13. Re1 Nbd7 14. Ng3 Ne4
15. Bd2 c5 16. Rc1 Rc8 17. Bg4 Rc6 18. Nxd5 Nxg3 19. hxg3 Rd6 20. Nf4 cxd4 21.
Bb4 Nc5 22. Bxc5 bxc5 23. Qb3 Rb6 24. Qc4 dxe3 25. fxe3 Rxb2 26. Re2 Rb6 27. e4
Ba6 28. Qd5 Rd6 29. Qa2 Bxe2 30. Qxe2 Rd2 31. Qa6 Qg5 32. Bf3 Qxg3 33. Ne2 Qg5
34. Rf1 c4 0-1

[Event "East Detroit (MCO/5/27)"]
[Site "?"]
[Date "1984.??.??"]
[Round "?"]
[White "Vedua, J.."]
[Black "Tallosy, M.."]
[Result "1-0"]
[WhiteElo "1605"]
[BlackElo "1745"]
[PlyCount "75"]
[EventDate "1984.??.??"]

{5/(27)} 1. e4 e5 2. Nf3 Nc6 3. Bb5 Nd4 4. Bc4 b5 5. Bb3 d6 6. c3 Nxb3 7. Qxb3
c6 8. h3 a5 9. a4 Be6 10. Qd1 b4 11. d3 Be7 12. Bd2 c5 13. c4 Bf6 14. b3 Ne7
15. Be3 Nc6 16. Nbd2 h6 17. Nf1 O-O 18. Ng3 g6 19. Bxh6 Re8 20. Be3 Kg7 21. Qc1
Rh8 22. Bg5 Nd4 23. Bxf6+ Qxf6 24. Nxd4 cxd4 25. Qd2 Rh4 26. O-O-O Rah8 27. Kb1
Kf8 28. Rc1 Ke7 29. Kb2 Rc8 30. Rc2 Rf4 31. Nf1 Rh4 32. Nh2 g5 33. Nf3 Rf4 34.
Nxg5 Qxg5 35. g3 Rc5 36. gxf4 Qxf4 37. h4 f6 38. h5 {[Remainder illegible; 1-0,
53?]} 1-0

[Event "East Detroit (MCO/3/25)"]
[Site "?"]
[Date "1984.??.??"]
[Round "?"]
[White "Vedua, J.."]
[Black "Sveen, L.."]
[Result "1/2-1/2"]
[WhiteElo "1605"]
[BlackElo "1835"]
[PlyCount "87"]
[EventDate "1984.??.??"]

{3/(25)} 1. e4 e6 2. Nf3 d5 3. exd5 exd5 4. d4 Bd6 5. Be3 Bf5 6. Bd3 Ne7 7. Nc3
c6 8. O-O Nd7 9. Re1 O-O 10. Bg5 Bxd3 11. Qxd3 f6 12. Be3 Qe8 13. Ne2 Qh5 14.
Bf4 Bxf4 15. Nxf4 Qf7 16. Re3 Ng6 17. Nxg6 hxg6 18. Rae1 Rfe8 19. Qe2 Rxe3 20.
Qxe3 Kf8 21. Nh4 Nb6 22. b3 Nc8 23. a4 Nd6 24. Qg3 Nf5 25. Nxg6+ Kg8 26. Qg4
Re8 27. Rxe8+ Qxe8 28. Kf1 Nxd4 29. Ne7+ Qxe7 30. Qxd4 b6 31. Qe3 Qe5 32. Qxe5
fxe5 33. Ke2 Kf7 34. Ke3 Kf6 35. c3 c5 36. f3 a6 37. h4 b5 38. axb5 axb5 39. g4
g5 40. h5 b4 41. cxb4 cxb4 42. Kd3 Ke6 43. Ke3 d4+ 44. Kd3 1/2-1/2

[Event "Plymouth (MI Op/2/75)"]
[Site "?"]
[Date "1984.??.??"]
[Round "?"]
[White "Vandenburg, V.E.."]
[Black "DuVall, D.."]
[Result "0-1"]
[WhiteElo "1640"]
[BlackElo "1605"]
[PlyCount "112"]
[EventDate "1984.??.??"]

{2/(75)} 1. b4 Nf6 2. c4 e5 3. a3 c6 4. Bb2 Qc7 5. Nf3 e4 6. Nd4 d5 7. e3 a6 8.
Be2 Bd6 9. h3 h5 10. Nc3 Be5 11. Qb3 Bxd4 12. exd4 Be6 13. Nd1 b5 14. cxb5 axb5
15. Rc1 Qd7 16. Qg3 g6 17. Qe5 Qe7 18. O-O Rg8 19. d3 Kd8 20. dxe4 Nxe4 21. Qf4
g5 22. Qe3 h4 23. Bf3 f5 24. Bxe4 dxe4 25. Nc3 Bc4 26. Rfe1 Re8 27. Qd2 Ra7 28.
Re3 Rd7 29. f3 Rd6 30. fxe4 fxe4 31. Nxe4 Re6 32. Rce1 Bd5 33. Nd6 Qxd6 34.
Rxe6 Rxe6 35. Qxg5+ Qe7 36. Qg8+ Kc7 37. Re5 Nd7 38. Rxe6 Qxe6 39. Qxe6 Bxe6
40. Bc1 Nf8 41. Bg5 Ng6 42. Kf2 Kd6 43. g3 Bxh3 44. gxh4 Bg4 45. Kg3 Bh5 46.
Kf2 Kd5 47. Ke3 Kc4 48. Ke4 Kb3 49. d5 cxd5+ 50. Kxd5 Kxa3 51. Kc5 Ka4 52. Bf6
Nf4 53. Be7 Nd3+ 54. Kd4 Nxb4 55. Ke4 Bg6+ 56. Ke5 Nc6+ 0-1

[Event "Plymouth (MI Op/5/65)"]
[Site "?"]
[Date "1984.??.??"]
[Round "?"]
[White "Vandenburg, V.E.."]
[Black "Baker, R.."]
[Result "0-1"]
[WhiteElo "1640"]
[BlackElo "1605"]
[PlyCount "82"]
[EventDate "1984.??.??"]

{5/(65)} 1. b4 Nf6 2. c4 e6 3. a3 c5 4. bxc5 Bxc5 5. d4 Bb6 6. Bb2 d5 7. e3 O-O
8. Nd2 Nc6 9. Ngf3 Bd7 10. Be2 Rc8 11. O-O Ne7 12. Rc1 Nf5 13. Bd3 Re8 14. Ne5
Re7 15. e4 dxc4 16. exf5 cxd3 17. fxe6 Bxe6 18. Ndf3 Bd5 19. Rxc8 Qxc8 20. Qxd3
h6 21. Rc1 Rc7 22. Rxc7 Qxc7 23. Nh4 Be4 24. Qd2 Qc2 25. Qxc2 Bxc2 26. Nc4 Bc7
27. f3 b5 28. Ne3 Bb3 29. Nhf5 Kf8 30. Bc3 a5 31. Nf1 Nd5 32. Bb2 b4 33. Nd2
Bc2 34. Ng3 Ke7 35. Nge4 Ne3 36. d5 f6 37. d6+ Bxd6 38. Nxd6 Kxd6 39. Bd4 Nd1
40. Bb6 b3 41. Bd4 Kd5 0-1

[Event "Plymouth (MI Op/5/26)"]
[Site "?"]
[Date "1984.??.??"]
[Round "?"]
[White "VanCamp, W.."]
[Black "Thurman, John"]
[Result "1-0"]
[WhiteElo "2030"]
[BlackElo "1785"]
[PlyCount "58"]
[EventDate "1984.??.??"]

{5/(26)} 1. Nf3 c5 2. c4 Nc6 3. Nc3 g6 4. d4 cxd4 5. Nxd4 Bg7 6. Nc2 d6 7. e4
a6 8. Ne3 Nf6 9. Be2 Bd7 10. O-O Rc8 11. Ned5 Ne5 12. Qb3 Bc6 13. Be3 Ned7 14.
Rad1 O-O 15. f3 Rb8 16. Ba7 Ra8 17. Bd4 Bxd5 18. Nxd5 Nxd5 19. exd5 Bxd4+ 20.
Rxd4 Nc5 21. Qe3 a5 22. Rh4 f6 23. f4 f5 24. Rf3 Ne4 25. Rfh3 Rf7 26. g4 Kh8
27. Qd4+ Kg8 28. Bf3 e5 29. dxe6 Qf6 1-0

[Event "Plymouth (MI Op/7/7)"]
[Site "?"]
[Date "1984.??.??"]
[Round "?"]
[White "VanCamp, W.."]
[Black "Laren, Philip"]
[Result "1-0"]
[WhiteElo "2030"]
[BlackElo "2140"]
[PlyCount "29"]
[EventDate "1984.??.??"]

{7/(7)} 1. Nf3 Nf6 2. c4 e6 3. Nc3 d5 4. cxd5 Nxd5 5. g3 c5 6. Bg2 Nc6 7. O-O
Be7 8. b3 Nxc3 9. dxc3 O-O 10. Qc2 Qc7 11. Rd1 e5 12. Ng5 g6 13. Bd5 Kg7 14.
Qd2 Bf6 15. Nxh7 1-0

[Event "Plymouth (MI Op/3/32)"]
[Site "?"]
[Date "1984.??.??"]
[Round "?"]
[White "VanCamp, W.."]
[Black "Dautremont, J.."]
[Result "1-0"]
[WhiteElo "2030"]
[BlackElo "1620"]
[PlyCount "123"]
[EventDate "1984.??.??"]

{3/(32)} 1. Nf3 c6 2. c4 d5 3. e3 Nf6 4. Nc3 Bf5 5. d4 g6 6. Bd3 Bg7 7. Bxf5
gxf5 8. Ne5 O-O 9. Qc2 e6 10. b3 Ne4 11. Nxe4 dxe4 12. c5 Bxe5 13. dxe5 Na6 14.
Bd2 Qe7 15. O-O Nc7 16. f3 Nd5 17. fxe4 fxe4 18. Qxe4 Kh8 19. Rf3 Rg8 20. Raf1
Rg7 21. Qc4 Rag8 22. R1f2 Qe8 23. Qh4 Rg4 24. Qh5 f5 25. Qxe8 Rxe8 26. h3 Rg7
27. Re2 Reg8 28. Rff2 Ne7 29. e4 h5 30. Bc3 Kh7 31. Kh2 Rg3 32. Rf3 h4 33. Be1
Rxf3 34. gxf3 Ng6 35. exf5 Nf4 36. Rd2 exf5 37. Bxh4 Ne6 38. Rd7+ Rg7 39. Rxg7+
Kxg7 40. Be7 Kf7 41. Bd6 Kg6 42. Kg3 Kh5 43. b4 a6 44. Be7 Ng7 45. Kf4 Kg6 46.
h4 Ne6+ 47. Ke3 Ng7 48. Bg5 Ne6 49. a4 Ng7 50. Kd3 Ne6 51. Kc4 Nc7 52. Bd2 Kh5
53. Be1 Kg6 54. Bg3 Kh5 55. Bf2 Kg6 56. Be3 Kh5 57. Bg5 Ne6 58. b5 Nc7 59. bxc6
bxc6 60. Kb4 Kg6 61. Ka5 Ne6 62. Kb6 1-0

[Event "Plymouth (MI Op/1a/19)"]
[Site "?"]
[Date "1984.??.??"]
[Round "?"]
[White "Van Camp, W.."]
[Black "Johnson, C.."]
[Result "1-0"]
[WhiteElo "2030"]
[BlackElo "1755"]
[PlyCount "121"]
[EventDate "1984.??.??"]

1. Nf3 b6 2. g3 Bb7 3. Bg2 Nf6 4. c4 e6 5. O-O Be7 6. Nc3 O-O 7. d3 Na6 8. e4
d6 9. Qe2 e5 10. d4 exd4 11. Nxd4 Re8 12. Nd5 Nxd5 13. cxd5 Bf6 14. Qc4 Nc5 15.
Re1 Ba6 16. Qc3 Qe7 17. Bd2 b5 18. Nc6 Bxc3 19. Nxe7+ Rxe7 20. Bxc3 Rae8 21. f3
Nd3 22. Re3 b4 23. Bd4 f5 24. Rd1 fxe4 25. fxe4 Ne5 26. Rb3 c5 27. dxc6 Nxc6
28. Be3 Bc4 29. Rxd6 Bxb3 30. axb3 Re6 31. Rd5 a5 32. Bf4 Rd8 33. Bc7 Rc8 34.
Bh3 Ree8 35. Bxc8 Rxc8 36. Bf4 Rd8 37. Rxd8+ Nxd8 38. Kf2 Kf7 39. Ke3 Nc6 40.
Kd3 Ke6 41. Kc4 Kd7 42. Kb5 Nd4+ 43. Kxa5 Nxb3+ 44. Kxb4 Nd4 45. Kc5 Nb3+ 46.
Kd5 h6 47. h4 h5 48. e5 Na5 49. e6+ Ke8 50. b4 Nb7 51. b5 Kd8 52. b6 Na5 53.
Bg5+ Kc8 54. Kd6 Nc4+ 55. Kc6 Na5+ 56. Kb5 Nb7 57. Ka6 Nd6 58. Bf4 Nb7 59. Ka7
Nd8 60. Ka8 Nb7 61. e7 1-0

[Event "East Detroit (MCO/1/31)"]
[Site "?"]
[Date "1984.??.??"]
[Round "?"]
[White "Turner, Darrell"]
[Black "Clark, K.."]
[Result "1/2-1/2"]
[WhiteElo "1805"]
[BlackElo "1605"]
[PlyCount "56"]
[EventDate "1984.??.??"]

{1/(31)} 1. e4 c5 2. Nf3 Nc6 3. d4 cxd4 4. Nxd4 g6 5. Be3 Bg7 6. Nc3 Nf6 7. f3
d6 8. Qd2 O-O 9. O-O-O Nxd4 10. Bxd4 Bd7 11. Be3 a5 12. a4 Qc7 13. Bh6 b5 14.
Bxb5 Bxb5 15. Bxg7 Kxg7 16. Nxb5 Qc5 17. g4 Rfc8 18. h4 h5 19. g5 Nd7 20. Qc3+
Qxc3 21. Nxc3 Ne5 22. Nd5 Ra7 23. Rhf1 Rb7 24. Ne3 Rb4 25. Rd5 Rxa4 26. Kb1 Rb8
27. b3 Nc6 28. Kc1 Rab4 1/2-1/2

[Event "East Detroit (MCO/3/36)"]
[Site "?"]
[Date "1984.??.??"]
[Round "?"]
[White "Turner, Darrell"]
[Black "Bolter, C.."]
[Result "1-0"]
[WhiteElo "1805"]
[BlackElo "1605"]
[PlyCount "99"]
[EventDate "1984.??.??"]

{3/(36)} 1. e4 d6 2. d4 g6 3. c4 Bg7 4. Nc3 Nf6 5. Be2 O-O 6. Nf3 Nbd7 7. O-O
e5 8. d5 a6 9. h3 Nc5 10. Qc2 Rb8 11. b4 Ncd7 12. Be3 Nh5 13. c5 Nf4 14. Rab1
Nxe2+ 15. Nxe2 f5 16. cxd6 cxd6 17. Bg5 Nf6 18. Rfc1 fxe4 19. Nd2 h6 20. Bxf6
Bxf6 21. Nxe4 Bf5 22. N2g3 Bg7 23. Qc7 Rf7 24. Qxd8+ Rxd8 25. Rb3 Rdd7 26. Rc8+
Bf8 27. Rbc3 Kg7 28. a4 h5 29. Nxf5+ Rxf5 30. R8c7 Rxc7 31. Rxc7+ Rf7 32. Rc8
Rf4 33. f3 Rf7 34. Ng5 Rf5 35. Rc7+ Kg8 36. Ne6 Bh6 37. Rxb7 Be3+ 38. Kf1 Bh6
39. Ke2 Bf8 40. Ra7 Rf7 41. Rxa6 Rb7 42. b5 Be7 43. b6 Kf7 44. a5 Ke8 45. Ra8+
Kd7 46. Nf8+ Bxf8 47. Rxf8 Ke7 48. Rc8 Kd7 49. Rc6 g5 50. a6 1-0

[Event "East Detroit (MCO/5/41)"]
[Site "?"]
[Date "1984.??.??"]
[Round "?"]
[White "Tumpkin, R.."]
[Black "Swartz, J.."]
[Result "1-0"]
[WhiteElo "1605"]
[BlackElo "1605"]
[PlyCount "95"]
[EventDate "1984.??.??"]

{5/(41)} 1. Nf3 Nf6 2. d4 d5 3. Bf4 g6 4. c4 c6 5. Nc3 Bg7 6. e3 O-O 7. Bd3 Nh5
8. Bg5 Bg4 9. Qd2 f6 10. Bh4 Bh6 11. Rc1 g5 12. Bg3 f5 13. Ne5 Nf6 14. h3 Bh5
15. Bxf5 Ne4 16. Be6+ Kh8 17. Nxe4 dxe4 18. h4 Be8 19. hxg5 Bxg5 20. Qe2 Nd7
21. Nxd7 Bxd7 22. Rxh7+ Kxh7 23. Qg4 Bxe6 24. Qxg5 Rf5 25. Qh4+ Kg8 26. Qxe4
Qd7 27. Be5 Kf7 28. Qh4 Rg8 29. f4 Ke8 30. g4 Rf7 31. f5 Bxf5 32. gxf5 Rg1+ 33.
Kd2 Rxc1 34. Kxc1 Qxf5 35. Bf4 Rh7 36. Qg3 Rh1+ 37. Kd2 Rb1 38. Qg8+ Kd7 39.
Kc3 Rc1+ 40. Kb4 a5+ 41. Kb3 Qd3+ 42. Ka4 Rxc4+ 43. Kxa5 Qd2+ 44. Kb6 Qxb2+ 45.
Ka7 Qxa2+ 46. Kb8 e6 47. Qf7+ Kd8 48. Bc7# 1-0

[Event "East Detroit (MCO/4/46)"]
[Site "?"]
[Date "1984.??.??"]
[Round "?"]
[White "Tumpkin, R.."]
[Black "Safronoff, D.."]
[Result "1-0"]
[WhiteElo "1605"]
[BlackElo "1605"]
[PlyCount "111"]
[EventDate "1984.??.??"]

{4/(46)} 1. d4 d5 2. c4 dxc4 3. Nc3 Nc6 4. e4 Nxd4 5. Bxc4 Nf6 6. e5 Ng8 7. Nf3
c5 8. Be3 Bg4 9. Bxd4 cxd4 10. Bb5+ Bd7 11. Nxd4 a6 12. Bxd7+ Qxd7 13. f4 g6
14. O-O e6 15. Ne4 Be7 16. Nd6+ Bxd6 17. exd6 Qxd6 18. Qd3 Rd8 19. Rad1 Nf6 20.
Qe3 Nd5 21. Qe5 O-O 22. Qxd6 Rxd6 23. Rf3 Rb6 24. Rb3 a5 25. Rxb6 Nxb6 26. Nb5
Nd5 27. g3 Ne3 28. Rd7 Rb8 29. Nd6 Rf8 30. Rxb7 a4 31. Kf2 Nd1+ 32. Ke2 Nxb2
33. Rxb2 Rd8 34. Rd2 Kf8 35. Nb7 Rd5 36. Rxd5 exd5 37. Kd3 Ke7 38. Kd4 Ke6 39.
Nc5+ Kd6 40. Nxa4 f6 41. Nc3 g5 42. f5 h5 43. h3 Kc6 44. Nxd5 Kb5 45. Nxf6 Kc6
46. Ne4 h4 47. g4 Kd7 48. Kc5 Ke7 49. Kc6 Kf7 50. Kd7 Kf8 51. Nxg5 Kg7 52. Ke7
Kg8 53. f6 Kh8 54. f7 Kg7 55. f8=Q+ Kg6 56. Qf6# 1-0

[Event "Plymouth (MI Op/2/80)"]
[Site "?"]
[Date "1984.??.??"]
[Round "?"]
[White "Tumpkin, R.."]
[Black "Gale, J.."]
[Result "0-1"]
[WhiteElo "1605"]
[BlackElo "1605"]
[PlyCount "108"]
[EventDate "1984.??.??"]

{2/(80)} 1. Nf3 Nc6 2. c4 e5 3. d4 exd4 4. Nxd4 Nxd4 5. Qxd4 Nf6 6. Bg5 Be7 7.
Nc3 O-O 8. e3 c5 9. Qd2 d6 10. Bd3 Ng4 11. Bxe7 Qxe7 12. Nd5 Qd8 13. Qc2 g6 14.
O-O-O Re8 15. Qc3 Re6 16. Rdf1 Ne5 17. Bc2 Rb8 18. a4 Nc6 19. b3 Ne7 20. Nf6+
Kf8 21. Nxh7+ Ke8 22. Nf6+ Kf8 23. Nh7+ Ke8 24. Ng5 Re5 25. f4 Rxg5 26. fxg5
Nf5 27. Bxf5 Bxf5 28. h4 Qb6 29. Qh8+ Kd7 30. Qxb8 Qxb3 31. Rf2 Qxc4+ 32. Kd2
Qc2+ 33. Ke1 Qc1+ 34. Ke2 Qxh1 35. Qxb7+ Ke6 36. Qc8+ Ke7 37. Qc7+ Ke6 38. Kd2
Qxh4 39. Ke1 Qxa4 40. Qd8 Qa1+ 41. Kd2 Qa2+ 42. Ke1 Qb1+ 43. Kd2 Qc2+ 44. Ke1
Qc3+ 45. Rd2 Qc1+ 46. Ke2 Bg4+ 47. Kd3 c4+ 48. Ke4 Bf5+ 49. Kf4 Qxd2 50. Qf6+
Kd5 51. Qxf7+ Kc5 52. Qxa7+ Kb4 53. Qb6+ Kc3 54. Qb5 Qf2# 0-1

[Event "East Detroit (MCO/2/40)"]
[Site "?"]
[Date "1984.??.??"]
[Round "?"]
[White "Tumpkin, R.."]
[Black "Charison, M.."]
[Result "0-1"]
[WhiteElo "1605"]
[BlackElo "1605"]
[PlyCount "96"]
[EventDate "1984.??.??"]

{2/(40)} 1. Nf3 f5 2. c4 Nf6 3. d4 e6 4. Nc3 Be7 5. e3 d6 6. Be2 O-O 7. O-O Qe8
8. h3 Qg6 9. Bd3 Ne4 10. Qc2 Nxc3 11. bxc3 Bf6 12. Bb2 e5 13. dxe5 dxe5 14. c5
Kh8 15. c4 e4 16. Kh2 Bxb2 17. Qxb2 exd3 18. Ne5 Qf6 19. Rad1 Nd7 20. f4 Nxc5
21. Qb4 Qb6 22. Qd2 Be6 23. Qf2 Ne4 24. Qf3 d2 25. Qh5 Kg8 26. Qe2 Nc3 27. Qxd2
Nxd1 28. Qxd1 Qxe3 29. Rf3 Qc5 30. Rc3 Rad8 31. Qf3 c6 32. Rc2 Rd4 33. Qf2 Rfd8
34. Nd3 Qa5 35. Ne5 Rd2 36. Rxd2 Qxd2 37. Qxd2 Rxd2 38. Kg3 Rxa2 39. Kf3 Rc2
40. g4 fxg4+ 41. hxg4 Bxc4 42. Nxc4 Rxc4 43. f5 a5 44. Kg3 a4 45. Kh4 a3 46.
Kg5 a2 47. f6 a1=Q 48. Kf5 Qxf6# 0-1

[Event "Midwest Masters-B"]
[Site "Chicago"]
[Date "1984.??.??"]
[Round "5"]
[White "Tomas Batet, Joan"]
[Black "Finegold, Ben"]
[Result "1/2-1/2"]
[WhiteElo "2265"]
[BlackElo "2305"]
[PlyCount "23"]
[EventDate "1984.??.??"]

1. c4 e6 2. d4 d5 3. Nc3 Nf6 4. Bg5 Be7 5. e3 Nbd7 6. cxd5 exd5 7. Bd3 O-O 8.
Qc2 Re8 9. Nf3 Nf8 10. O-O h6 11. Bxf6 Bxf6 12. b4 1/2-1/2

[Event "Plymouth (MI Op/3/40)"]
[Site "?"]
[Date "1984.??.??"]
[Round "?"]
[White "Timmer, T.."]
[Black "Prusaitis, William"]
[Result "0-1"]
[WhiteElo "1605"]
[BlackElo "1895"]
[PlyCount "120"]
[EventDate "1984.??.??"]

{3/(40)} 1. e4 e5 2. Nf3 Nc6 3. Bc4 Bc5 4. O-O d6 5. c3 Qe7 6. a4 a6 7. d4 Bb6
8. b4 h6 9. d5 Nd8 10. Re1 Nf6 11. h3 O-O 12. Nbd2 Nh5 13. Nf1 Bd7 14. N3h2 Qh4
15. Qf3 f5 16. Be3 fxe4 17. g3 exf3 18. gxh4 Bxh3 19. Bxb6 cxb6 20. Nd2 Bg2 21.
Re3 Rf4 22. Re4 Rc8 23. Rae1 Nf7 24. R1e3 Rxe4 25. Rxe4 Nf6 26. Re3 e4 27. Bb3
Ne5 28. c4 h5 29. Nxe4 Nxe4 30. Rxe4 Rf8 31. c5 bxc5 32. bxc5 Rc8 33. c6 bxc6
34. dxc6+ Kf8 35. Rf4+ Ke7 36. Bd5 Nxc6 37. Rf7+ Ke8 38. Rxg7 Ne5 39. Bf7+ Kf8
40. Rg8+ Kxf7 41. Rxg2 Rc1+ 42. Nf1 fxg2 43. Kxg2 Rxf1 44. Kxf1 Nf3 45. Ke2
Nxh4 46. Ke3 Ng6 47. Ke4 Ke6 48. f4 d5+ 49. Kf3 Kf5 50. a5 d4 51. Kg3 h4+ 52.
Kf3 d3 53. Ke3 h3 54. Kxd3 h2 55. Kc4 h1=Q 56. Kc5 Qc1+ 57. Kb6 Qc4 58. Ka7 Qb5
59. Ka8 Ke6 60. Ka7 Kd7 0-1

[Event "Plymouth (MI Op/1b/33)"]
[Site "?"]
[Date "1984.??.??"]
[Round "?"]
[White "Timmer, T.."]
[Black "Engel, R.."]
[Result "1-0"]
[WhiteElo "1605"]
[BlackElo "1605"]
[PlyCount "53"]
[EventDate "1984.??.??"]

1. e4 e5 2. Nf3 Nc6 3. Bc4 Bc5 4. O-O d6 5. c3 Be6 6. Bxe6 fxe6 7. a4 d5 8.
exd5 exd5 9. b4 Bd6 10. Re1 Nge7 11. b5 e4 12. bxc6 exf3 13. cxb7 Rb8 14. Qxf3
Rf8 15. Qh5+ Kd7 16. Ba3 c5 17. d4 g6 18. Qg4+ Nf5 19. dxc5 h5 20. Qxg6 Bxh2+
21. Kf1 Ne7 22. Rxe7+ Qxe7 23. c6+ Kc7 24. Bxe7 Rg8 25. Qf7 Rh8 26. Bf6+ Kb6
27. Qxd5 1-0

[Event "Plymouth (MI Op/5/75)"]
[Site "?"]
[Date "1984.??.??"]
[Round "?"]
[White "Timmer, T.."]
[Black "DuVall, D.."]
[Result "1-0"]
[WhiteElo "1605"]
[BlackElo "1605"]
[PlyCount "91"]
[EventDate "1984.??.??"]

{5/(75)} 1. d3 e5 2. Nf3 Nc6 3. g3 d5 4. b3 Nf6 5. Bb2 Bb4+ 6. Nbd2 d4 7. Bg2
O-O 8. O-O Re8 9. Re1 Bg4 10. a3 Bxf3 11. Bxf3 Bxd2 12. Qxd2 e4 13. dxe4 Nxe4
14. Bxe4 Rxe4 15. f3 Re3 16. Rad1 Qe7 17. Kf2 Rd8 18. Bxd4 Re6 19. Qc3 Nxd4 20.
Rxd4 Rxd4 21. Qxd4 Qxa3 22. Ra1 Qe7 23. e4 a6 24. Rd1 Rd6 25. Qa1 Rxd1 26. Qxd1
Qc5+ 27. Ke2 Qb5+ 28. c4 Qe8 29. Qd5 c6 30. Qd4 f5 31. e5 Kf7 32. Ke3 g5 33. h3
Qe7 34. c5 a5 35. Qd6 Qe6 36. Qc7+ Qe7 37. Qxe7+ Kxe7 38. f4 h6 39. Kd4 Ke6 40.
Kc4 gxf4 41. gxf4 h5 42. h4 Kd7 43. Kc3 Kc7 44. b4 b6 45. cxb6+ Kxb6 46. bxa5+
1-0

[Event "Plymouth (MI Op/7/66)"]
[Site "?"]
[Date "1984.??.??"]
[Round "?"]
[White "Timmer, T.."]
[Black "Carpenter, O.."]
[Result "1-0"]
[WhiteElo "1605"]
[BlackElo "1605"]
[PlyCount "63"]
[EventDate "1984.??.??"]

{7/(66)} 1. d3 Nf6 2. Nf3 g6 3. g3 Bg7 4. Bg2 O-O 5. e4 d6 6. Be3 Re8 7. Qd2
Ng4 8. Bd4 e5 9. Be3 Nxe3 10. Qxe3 Bh6 11. Qxh6 f6 12. h4 Qe7 13. Qe3 Rf8 14.
Nc3 c6 15. h5 g5 16. O-O-O h6 17. Nh2 Be6 18. a3 Nd7 19. d4 b6 20. d5 cxd5 21.
Nxd5 Bxd5 22. Rxd5 Rac8 23. Ng4 Qh7 24. Rxd6 Rc7 25. Qb3+ Kh8 26. Qb4 Nc5 27.
Rhd1 Qg7 28. a4 Qe7 29. Ne3 Qf7 30. g4 Rb7 31. Nf5 Rbb8 32. Qb5 1-0

[Event "Plymouth (MI Op/4/17)"]
[Site "?"]
[Date "1984.??.??"]
[Round "?"]
[White "Thurman, John"]
[Black "Thomas, C.."]
[Result "1/2-1/2"]
[WhiteElo "1785"]
[BlackElo "2100"]
[PlyCount "92"]
[EventDate "1984.??.??"]

{4/(17)} 1. c4 Nf6 2. Nc3 g6 3. Nf3 Bg7 4. g3 O-O 5. Bg2 d6 6. O-O Nbd7 7. d3
e5 8. Rb1 Nh5 9. Bd2 f5 10. b4 c6 11. Qb3 Kh8 12. a4 h6 13. Nh4 Kh7 14. Bf3
Ndf6 15. e4 f4 16. b5 g5 17. Ng2 Bh3 18. Bxh5 Nxh5 19. Rfc1 Bxg2 20. Kxg2 f3+
21. Kh1 Qd7 22. Qd1 Qg4 23. Qf1 Rf7 24. Be3 Nf6 25. bxc6 bxc6 26. Rb3 Qh5 27.
Rcb1 Ng4 28. Qg1 Nxe3 29. fxe3 f2 30. Qg2 Raf8 31. Rf1 Rf3 32. Nd1 R3f7 33. g4
Qh4 34. Qg3 Qxg3 35. hxg3 Bf6 36. Rxf2 Bd8 37. Rf5 Bb6 38. Rb2 Rxf5 39. exf5
Kg7 40. e4 Rf7 41. Kg2 Kf6 42. Kf3 Ke7 43. Ne3 Kd8 44. Ke2 Kc7 45. Rb1 Kc8 46.
Rh1 Rf6 1/2-1/2

[Event "Plymouth (MI Op/2/51)"]
[Site "?"]
[Date "1984.??.??"]
[Round "?"]
[White "Thurman, John"]
[Black "Perczak, M.."]
[Result "1-0"]
[WhiteElo "1785"]
[BlackElo "1605"]
[PlyCount "57"]
[EventDate "1984.??.??"]

{2/(51)} 1. c4 c5 2. Nf3 Nf6 3. g3 Nc6 4. d4 cxd4 5. Nxd4 e6 6. Bg2 Bc5 7. Nb5
Qb6 8. O-O Ne5 9. Bf4 Nfg4 10. e3 d6 11. N1c3 Nxc4 12. Qxg4 g6 13. Bh6 Bd7 14.
Qxc4 d5 15. Bxd5 Bxb5 16. Qxb5+ Qxb5 17. Nxb5 exd5 18. Nc7+ Kd7 19. Nxa8 Rxa8
20. Rfd1 Ke6 21. Bf4 f5 22. Rac1 Bb6 23. Bc7 Bxc7 24. Rxc7 b6 25. f4 h5 26.
Rdc1 Rd8 27. R1c6+ Rd6 28. Rxd6+ Kxd6 29. Rg7 1-0

[Event "Plymouth (MI Op/6/45)"]
[Site "?"]
[Date "1984.??.??"]
[Round "?"]
[White "Thurman, John"]
[Black "Hale, M.."]
[Result "1-0"]
[WhiteElo "1785"]
[BlackElo "1605"]
[PlyCount "79"]
[EventDate "1984.??.??"]

{6/(45)} 1. c4 c5 2. Nc3 Nc6 3. Nf3 Nf6 4. d4 cxd4 5. Nxd4 Nxd4 6. Qxd4 e6 7.
e4 d6 8. Bg5 Be7 9. O-O-O O-O 10. Be2 b6 11. f4 Nd7 12. Bxe7 Qxe7 13. Qxd6 Qxd6
14. Rxd6 Nc5 15. b4 Nb7 16. Rd2 a5 17. b5 Nc5 18. Rhd1 Bb7 19. Bf3 Rac8 20. Kb2
f5 21. e5 Ne4 22. Nxe4 Bxe4 23. Rd4 Bxf3 24. gxf3 Rfe8 25. Kb3 Kf7 26. Rd6 Rb8
27. Rc6 Red8 28. Rdd6 Re8 29. Rxb6 Rxb6 30. Rxb6 Rd8 31. Rd6 Rc8 32. a4 Ke7 33.
Kc3 Ra8 34. c5 h6 35. c6 Rd8 36. Rxd8 Kxd8 37. b6 g5 38. fxg5 hxg5 39. Kc4 g4
40. f4 1-0